| 000 | 01019nam a2200181 4500 | ||
|---|---|---|---|
| 999 |
_c63796 _d63796 |
||
| 003 | Ge_BSU | ||
| 005 | 20260115143709.0 | ||
| 008 | 260115s1947 ge ||||| |||| 00| 0 geo d | ||
| 041 | _ageo | ||
| 080 | _a330.342.11/13 ო-76 | ||
| 100 |
_aოსტროვიტიანოვი, კ.ვ. _926689 |
||
| 245 |
_aკაპიტალიზმამდელ ფორმაციათა ეკონომიკის ნარკვევები / _cკ.ვ. ოსტროვიტიანოვი; სსრკ მეცნ. აკად., ეკონომიკის ინ-ტი. |
||
| 264 |
_aთბილისი : _bთბილ. უნ-ტის გამ-ბა და სტ., _c1947. |
||
| 300 |
_a170 გვ. ; _b21 სმ. |
||
| 504 | _aბიბლიოგრაფია: ლიტ-რა შენიშვნებში | ||
| 653 | _aკაპიტალიზმამდელი ეკონომიკური ფორმაციები. | ||
| 942 |
_2udc _cᲬᲘᲒᲜᲘ |
||